Cours de physique de l'École polytechnique (Запис номер 390828)
[ съкратено ]
| 000 -Лидер | |
|---|---|
| Контролно поле с фиксирана дължина | nam a22 a 4500 |
| 003 - Код на организацията, давaща контролен номер | |
| Контролно поле | BLK |
| 005 - Дата и час на последна редакция | |
| Контролно поле | 20201029110309.0 |
| 008 - Елементи от данни с фиксирана дължина | |
| fixed length control field | 180409b bul|||||r ||||||| ||bul|| |
| 010 ## - Наследен системен номер | |
| LC control number | KNG00119219000 |
| 040 ## - Източник на каталожния запис | |
| Идентификатор на билиотеката - собственик на записа | BLK |
| 041 ## - Код за език | |
| Код за езика на текст/звукозапис или на отделно заглавие | Френски |
| Код за езика КДБФ | Френски |
| 080 ## - УДК | |
| Текстов определител УДК | Физика |
| УДК код - определител по УДК | 53 |
| УДК определител | (075.8) |
| УДК - код + определител | 53(075.8) |
| 100 ## - Редна дума - Автор | |
| Автор | Jamin, Jules-Célestin |
| Авторска отговорност | първи автор |
| R(LIN) | 435391 |
| 139 ## - Редно поле | |
| Редна дума | Jamin, Jules-Célestin |
| 245 10 - Сведения за заглавието | |
| Заглавие | Cours de physique de l'École polytechnique |
| Подзаглавни данни | T. I- |
| Редно поле (дума) | Jules-Célestin, Jamin |
| Том | T. III |
| 250 ## - Област на изданието | |
| Сведения за изданието | 4. Ed. augm. et entierement ref. |
| 257 ## - Страна на издаване | |
| Страна на създаване/издаване | Франция |
| 260 ## - Област на издателските данни | |
| Място на издаване, разпространение и проч. | Paris |
| Име на издателя, разпространителя и проч. | Gauthier - Villars |
| Година на издаване | 1887 |
| 9 (RLIN) | 218894 |
| 300 ## - Физическа характеристика | |
| Размери/Мащаб | 22 cm |
| 380 ## - Жанр | |
| Жанр | Естествени науки. Математика |
| 490 ## - СЕРИИ (Колекции) | |
| 9 (RLIN) | 435080 |
| Име на серия | Колекция Редки и ценни издания |
| 500 ## - Общи забележки | |
| Забележка | Датирано: Ил. Ал. Ив. Квартирников, Виена 1896 |
| 650 #7 - Допълнително описание по предмет – тема | |
| Основно описание – тема или топоним | Физика - учебници за ВУЗ |
| 9 (RLIN) | 175269 |
| 653 ## - Ключова дума – ненормативна | |
| Ключова дума | физика |
| 760 ## - Описание на основната серия | |
| Редна дума на основното описание | Jamin, Jules-Célestin |
| Издание | 4. Ed. |
| Място на издаване, издател и година | Paris, 1887 |
| Страници - том | 202, 206 p.: със сх., табл. |
| Част - том | T. III |
| 852 ## - Местоположение | |
| Форматна сигнатура | Рф 886 |
| Фондова буква | Редки и ценни |
| 856 4# - Електронен адрес и достъп | |
| Електронен формат | pdf - файл |
| 856 4# - Електронен адрес и достъп | |
| Електронен формат | pdf - файл |
| 999 ## - СИСТЕМНИ КОНТРОЛНИ НОМЕРА | |
| Koha biblionumber | 390828 |
| Koha biblioitemnumber | 390828 |
| 942 ## - АРТИКУЛИ | |
| Вид на библиотечния материал | Книги |
| Скрит в OPAC | Не |
| Периодичен библиозапис | Да |
| 944 ## - СЪЗДАВАНЕ И РЕДАКЦИЯ на ЗАПИСА | |
| Създаване/Редакция | Създаване |
| Дата на регистрацията/редакция | 2020-10-29 |
| Статус, дата на статуса | ТД |
| Служител, извършил регистрацията/редакцията | Людмила_Стоянова |
| 944 ## - СЪЗДАВАНЕ И РЕДАКЦИЯ на ЗАПИСА | |
| Създаване/Редакция | Редакция |
| Дата на регистрацията/редакция | 12.10.2010 |
| Статус, дата на статуса | ф / |
| 999 ## - СИСТЕМНИ КОНТРОЛНИ НОМЕРА | |
| Koha biblioitemnumber | 390828 |
| 999 ## - СИСТЕМНИ КОНТРОЛНИ НОМЕРА | |
| Koha biblioitemnumber | 390793 |
| 999 ## - СИСТЕМНИ КОНТРОЛНИ НОМЕРА | |
| Koha biblioitemnumber | 390793 |
| 999 ## - СИСТЕМНИ КОНТРОЛНИ НОМЕРА | |
| Koha biblioitemnumber | 390793 |
| 999 ## - СИСТЕМНИ КОНТРОЛНИ НОМЕРА | |
| Koha biblioitemnumber | 390345 |
| 999 ## - СИСТЕМНИ КОНТРОЛНИ НОМЕРА | |
| Koha biblioitemnumber | 390345 |
| 999 ## - СИСТЕМНИ КОНТРОЛНИ НОМЕРА | |
| Koha biblioitemnumber | 390345 |
| 999 ## - СИСТЕМНИ КОНТРОЛНИ НОМЕРА | |
| Koha biblioitemnumber | 113799 |
| Код за отписване | Код за изгубен артикул | Източник на класификационната схема | Код за повреда | Коз за рестрикции | Код за отдаване | Артикулен № | Име на библиотеката - собственик | Име на библиотеката, в която се намира в момента | Статус (Текущо местоположение) | Дата на вписване в системата | Местоположение - отдел | Цена в лева | Инвентарен номер | Систематично азбучна сигнатура | Баркод | Цена в евро | Служебен тип на артикула |
|---|---|---|---|---|---|---|---|---|---|---|---|---|---|---|---|---|---|
| Не е изгубен | Universal Decimal Classification | Не е повреден | само за читалня | Специални фондове ( старопечатни, редки и ценни, фонд М. Арнаудов) | 804497 | Регионална библиотека "Любен Каравелов" Русе | Регионална библиотека "Любен Каравелов" Русе | Редки и ценни | 2020-11-03 | Редки и ценни | 0.84 | 15033-ІІІ-1 | Рф 887 | 900000037835 | 0.43 | Книги |